[Event "2.BLS 1617 SC Viernheim - SC Emmendinge"]
[Site "?"]
[Date "2017.01.15"]
[Round "4.6"]
[White "Tarlev, Konstantin"]
[Black "Shevchenko, Kirill"]
[Result "1/2-1/2"]
[WhiteElo "2592"]
[BlackElo "2453"]
[PlyCount "54"]
[EventDate "2017.??.??"]

1. c4 Nf6 2. Nc3 e6 3. Nf3 b6 4. e4 Bb7 5. Bd3 c5 6. O-O Nc6 7. Bc2 Nd4 8. Re1
Nxc2 9. Qxc2 d6 10. d4 cxd4 11. Nxd4 Be7 12. Bg5 a6 13. Rad1 Nd7 14. Bxe7 Qxe7
15. Qd2 Rd8 16. Nf3 Nf6 17. Nd5 Nxd5 18. exd5 e5 19. a4 Qc7 20. b3 O-O 21. a5
Rb8 22. Ra1 Bc8 23. axb6 Qxb6 24. Re3 f5 25. Rc3 Qc5 26. Qe3 Qc7 27. c5 Rb5
1/2-1/2

[Event "2.BLS 1617 SC Viernheim - SC Emmendinge"]
[Site "?"]
[Date "2017.01.15"]
[Round "4.7"]
[White "Lodici, Lorenzo"]
[Black "Beikert, Guenther"]
[Result "1/2-1/2"]
[WhiteElo "2358"]
[BlackElo "2403"]
[PlyCount "105"]
[EventDate "2017.??.??"]

1. d4 d5 2. c4 c6 3. Nc3 Nf6 4. Nf3 e6 5. g3 Nbd7 6. Bg2 Be7 7. O-O O-O 8. Bf4
dxc4 9. e4 b5 10. d5 cxd5 11. exd5 Nxd5 12. Nxd5 exd5 13. Qxd5 Ba6 14. Nd4 Nb6
15. Qxd8 Raxd8 16. Nc6 Rde8 17. Nxe7+ Rxe7 18. Bd6 Re2 19. Bxf8 Kxf8 20. b3 Bc8
21. bxc4 bxc4 22. f4 Ke7 23. Bf3 Rd2 24. Rfd1 Rb2 25. Rd4 g6 26. a3 h5 27. Re1+
Kf6 28. Re3 Be6 29. Bd1 Nd5 30. Re2 c3 31. Kf2 a5 32. Rd3 Rb1 33. f5 gxf5 34.
Rc2 f4 35. Bxh5 Bf5 36. Rcxc3 Rb2+ 37. Kg1 Nxc3 38. Rxc3 fxg3 39. hxg3 Be6 40.
Bf3 a4 41. Bc6 Rb3 42. Rf3+ Ke5 43. Kf2 Rxf3+ 44. Bxf3 Kd4 45. Bc6 Bb3 46. g4
Kc3 47. Ke3 Kb2 48. Kd2 Kxa3 49. Kc3 Ka2 50. g5 a3 51. Be4 Be6 52. Bc2 Ka1 53.
g6 1/2-1/2

[Event "2.BLS 1617 SC Viernheim - SC Emmendinge"]
[Site "?"]
[Date "2017.01.15"]
[Round "4.8"]
[White "Meinhardt, Maximilian"]
[Black "Hommeles, Theo"]
[Result "1/2-1/2"]
[WhiteElo "2378"]
[BlackElo "2373"]
[PlyCount "105"]
[EventDate "2017.??.??"]

1. e4 e5 2. Nf3 Nc6 3. d4 exd4 4. Nxd4 Bb4+ 5. c3 Bc5 6. Be3 Bb6 7. Qg4 Qf6 8.
Qg3 Nxd4 9. cxd4 Bxd4 10. Bxd4 Qxd4 11. Nc3 Ne7 12. Rd1 Qb4 13. Rd2 d6 14. Qxg7
Rg8 15. Qf6 Be6 16. f4 Rg6 17. Qh8+ Rg8 18. Qf6 Rg6 19. Qh4 Rg4 20. Qf2 Qb6 21.
g3 Qxf2+ 22. Kxf2 O-O-O 23. Be2 Rgg8 24. Bf3 c6 25. f5 Bc4 26. b3 Ba6 27. Rhd1
Kc7 28. a4 b6 29. Ke3 h6 30. Kf4 f6 31. Rc1 Kb8 32. Rcd1 Kc7 33. Bh5 Rg7 34.
Rc1 Kb8 35. Rcd1 Kc7 36. Rc1 Kb8 37. Be2 Bc8 38. Rcd1 Kc7 39. Rc1 a6 40. Bf3
Rf7 41. b4 Kb8 42. g4 Rff8 43. Rcd1 Kc7 44. Rd3 Bb7 45. Kg3 Bc8 46. R1d2 Rg8
47. Kf4 Bb7 48. Bd1 Rgf8 49. Bb3 Bc8 50. Rc2 Kb8 51. Rcd2 Kc7 52. Rc2 Kb8 53.
Rcd2 1/2-1/2

[Event "2.BLS 1617 SF Schöneck - TSV Schönaich"]
[Site "?"]
[Date "2017.01.15"]
[Round "4.1"]
[White "Ivanisevic, Ivan"]
[Black "Krejci, Jan"]
[Result "1/2-1/2"]
[WhiteElo "2641"]
[BlackElo "2495"]
[PlyCount "76"]
[EventDate "2017.??.??"]

1. d4 Nf6 2. c4 e6 3. Nc3 Bb4 4. g3 O-O 5. Bg2 d5 6. a3 Bxc3+ 7. bxc3 c6 8. Nf3
Nbd7 9. O-O Re8 10. a4 b6 11. cxd5 cxd5 12. c4 Bb7 13. Nd2 e5 14. Bb2 e4 15. e3
Rc8 16. Qb3 dxc4 17. Nxc4 Bd5 18. Rfc1 Qe7 19. Bf1 Qe6 20. Qb5 h5 21. Ba3 Rc6
22. Nd2 Rec8 23. Rxc6 Rxc6 24. Rc1 a5 25. Qb2 Qf5 26. h3 Qe6 27. Kg2 Nh7 28. h4
g5 29. Bb5 Rxc1 30. Qxc1 Ndf6 31. Qc7 Qg4 32. hxg5 Nxg5 33. Qe5 Nf3 34. Qxf6
Nxd2 35. Qd8+ Kh7 36. Qxd5 Qf3+ 37. Kg1 Qd1+ 38. Kg2 Qf3+ 1/2-1/2

[Event "2.BLS 1617 SF Schöneck - TSV Schönaich"]
[Site "?"]
[Date "2017.01.15"]
[Round "4.2"]
[White "Poetsch, Hagen"]
[Black "Danin, Alexandre"]
[Result "1/2-1/2"]
[WhiteElo "2498"]
[BlackElo "2585"]
[PlyCount "55"]
[EventDate "2017.??.??"]

1. e4 e5 2. Nf3 Nc6 3. Nc3 Nf6 4. Bb5 Nd4 5. Nxd4 exd4 6. e5 dxc3 7. exf6 Qxf6
8. dxc3 Qe5+ 9. Qe2 Qxe2+ 10. Bxe2 d5 11. Bf4 c6 12. c4 Be6 13. cxd5 Bxd5 14.
O-O Be7 15. Rfe1 Be6 16. h3 Rd8 17. Bg4 Bxg4 18. hxg4 f6 19. Be3 a6 20. Bc5 Rd7
21. f3 h5 22. Bxe7 Rxe7 23. Rxe7+ Kxe7 24. Re1+ Kf7 25. Rd1 Ke6 26. Re1+ Kf7
27. Rd1 Ke6 28. Re1+ 1/2-1/2

[Event "2.BLS 1617 SF Schöneck - TSV Schönaich"]
[Site "?"]
[Date "2017.01.15"]
[Round "4.3"]
[White "Martinovic, Sasa"]
[Black "Konopka, Michal"]
[Result "1-0"]
[WhiteElo "2550"]
[BlackElo "2394"]
[PlyCount "77"]
[EventDate "2017.??.??"]

1. d4 Nf6 2. c4 g6 3. f3 Nc6 4. d5 Ne5 5. e4 d6 6. Nc3 Bg7 7. Be2 O-O 8. f4
Ned7 9. Be3 e5 10. dxe6 fxe6 11. Nh3 b6 12. Qc2 Bb7 13. O-O Nc5 14. Bf3 Nfd7
15. b4 Na6 16. a3 Qe7 17. Rad1 c6 18. Rd2 Nc7 19. Rfd1 d5 20. Bf2 Nf6 21. Bh4
Qe8 22. e5 Nh5 23. Ne2 Ba6 24. b5 cxb5 25. Bxh5 gxh5 26. cxd5 Nxd5 27. Ng5 Qg6
28. Qxg6 hxg6 29. Nxe6 Ne3 30. Nxf8 Nxd1 31. Nxg6 Ne3 32. Ng3 Kf7 33. Ne7 Bf8
34. Rd7 Ke8 35. Rd6 Kf7 36. e6+ Ke8 37. Rd7 b4 38. Ne4 Bxe7 39. Bxe7 1-0

[Event "2.BLS 1617 SF Schöneck - TSV Schönaich"]
[Site "?"]
[Date "2017.01.15"]
[Round "4.4"]
[White "Marchio, Enrico"]
[Black "Volke, Karsten"]
[Result "0-1"]
[WhiteElo "2309"]
[BlackElo "2461"]
[PlyCount "70"]
[EventDate "2017.??.??"]

1. Nf3 Nf6 2. c4 e6 3. Nc3 d5 4. e3 Be7 5. b3 O-O 6. Bb2 c5 7. Rc1 d4 8. exd4
cxd4 9. Nb5 e5 10. Nxe5 Re8 11. Be2 Bf8 12. Nd3 a6 13. Nxd4 Re4 14. O-O Rxd4
15. Bxd4 Qxd4 16. Ne1 Nc6 17. Nf3 Qf4 18. g3 Qc7 19. c5 Bg4 20. a3 Qa5 21. Rc4
Be6 22. d4 Qxa3 23. Qb1 h6 24. Rd1 Re8 25. Rd3 Qa5 26. Ra4 Qc7 27. Rd2 Bd5 28.
Nh4 Ne4 29. Rd3 Nxg3 30. Rxg3 Rxe2 31. Nf5 Qf4 32. Qf1 Re6 33. Ne3 Qe4 34. Nxd5
Qxd5 35. Qa1 Re4 0-1

[Event "2.BLS 1617 SF Schöneck - TSV Schönaich"]
[Site "?"]
[Date "2017.01.15"]
[Round "4.5"]
[White "Plenca, Jadranko"]
[Black "Heinatz, Thomas"]
[Result "1/2-1/2"]
[WhiteElo "2424"]
[BlackElo "2277"]
[PlyCount "114"]
[EventDate "2017.??.??"]

1. e4 c5 2. Nf3 d6 3. Bb5+ Nd7 4. d4 cxd4 5. Qxd4 Ngf6 6. O-O e5 7. Qd3 Be7 8.
Bg5 O-O 9. Nc3 Nc5 10. Qe3 Be6 11. Rfd1 Ng4 12. Qd2 f6 13. Be3 Rc8 14. Bxc5
Rxc5 15. Ba4 Qc8 16. Bb3 f5 17. exf5 Rxf5 18. Qe2 Rf4 19. Rd4 Rxd4 20. Nxd4
Bxb3 21. Nxb3 Rc6 22. Na5 Ra6 23. Nd5 Bh4 24. b4 Kh8 25. g3 Bd8 26. Nxb7 Qxb7
27. Qxg4 Qxd5 28. Qc8 Rc6 29. Qxd8+ Qg8 30. Qd7 Qc8 31. Qxa7 Rxc2 32. b5 h6 33.
Rd1 Qc4 34. Qb8+ Kh7 35. Qxd6 Qxb5 36. Qe6 Qc6 37. Qf5+ Qg6 38. Qxg6+ Kxg6 39.
Rd6+ Kf5 40. Ra6 h5 41. a4 Ra2 42. h4 g5 43. hxg5 Kxg5 44. Ra8 e4 45. a5 e3 46.
fxe3 Kg4 47. Rg8+ Kf3 48. Rg5 Rg2+ 49. Kh1 Re2 50. a6 Ra2 51. Rg6 Kxe3 52. Rf6
Ke4 53. Kg1 Ke5 54. Rh6 Kf5 55. Rxh5+ Kg4 56. Rh8 Rxa6 57. Rg8+ Kf3 1/2-1/2

[Event "2.BLS 1617 SF Schöneck - TSV Schönaich"]
[Site "?"]
[Date "2017.01.15"]
[Round "4.6"]
[White "Stockmann, Michael"]
[Black "Plenca, Julijan"]
[Result "0-1"]
[WhiteElo "2220"]
[BlackElo "2399"]
[PlyCount "88"]
[EventDate "2017.??.??"]

1. d4 Nf6 2. g3 g6 3. Bg2 Bg7 4. Nf3 O-O 5. O-O d6 6. c4 Nc6 7. b3 Bg4 8. Bb2
Nd7 9. Ne1 g5 10. Qd2 e6 11. Nc2 Bh5 12. Ne3 Qf6 13. Rd1 Rab8 14. Bc3 Ne7 15.
Na3 a6 16. Rac1 Qh6 17. g4 Bg6 18. Nac2 f5 19. gxf5 exf5 20. Nd5 Nxd5 21. Bxd5+
Kh8 22. Be6 Nf6 23. d5 Ng4 24. Bxg7+ Kxg7 25. Qc3+ Rf6 26. h3 Ne5 27. c5 Kh8
28. cxd6 cxd6 29. Qc7 Rff8 30. Qxd6 Qg7 31. Nd4 Rbe8 32. Rc7 Qf6 33. Rxb7 g4
34. Rc1 gxh3 35. Nf3 Nxf3+ 36. exf3 Qg5+ 37. Qg3 Qxc1+ 38. Kh2 Qc3 39. Qf4 Qf6
40. Qc7 Qd4 41. Kxh3 f4 42. Kg2 Rg8 43. Bxg8 Rxg8 44. Qe7 Bf5+ 0-1

[Event "2.BLS 1617 SF Schöneck - TSV Schönaich"]
[Site "?"]
[Date "2017.01.15"]
[Round "4.7"]
[White "Fischer, Sebastian"]
[Black "Meyer, Kai-Christian"]
[Result "1-0"]
[WhiteElo "2212"]
[BlackElo "2172"]
[PlyCount "75"]
[EventDate "2017.??.??"]

1. d4 Nf6 2. Nf3 d5 3. c4 c6 4. e3 a6 5. Bd3 dxc4 6. Bxc4 b5 7. Bd3 e6 8. a4
Bb7 9. O-O Nbd7 10. e4 Qb6 11. Qe2 Be7 12. Re1 h6 13. Bd2 b4 14. Be3 Ng4 15.
Bf4 c5 16. d5 g5 17. a5 Qd8 18. Bg3 Ngf6 19. Nbd2 Nh5 20. dxe6 fxe6 21. Bc4
Nxg3 22. hxg3 Nf8 23. Bb3 Qc7 24. Ba4+ Kf7 25. Nc4 Ng6 26. Nh2 h5 27. Bb3 Raf8
28. Rad1 g4 29. Nb6 Ne5 30. Qe3 Bc6 31. f4 gxf3 32. gxf3 Rhg8 33. f4 Ng4 34.
Qf3 Nf6 35. Bxe6+ Ke8 36. Bxg8 Rxg8 37. Nd5 Qd7 38. Nxf6+ 1-0

[Event "2.BLS 1617 SF Schöneck - TSV Schönaich"]
[Site "?"]
[Date "2017.01.15"]
[Round "4.8"]
[White "Everett, Elijah"]
[Black "Reck, Moritz"]
[Result "1/2-1/2"]
[WhiteElo "2101"]
[BlackElo "2102"]
[PlyCount "140"]
[EventDate "2017.??.??"]

1. e4 c6 2. d4 d5 3. Nd2 dxe4 4. Nxe4 Bf5 5. Ng3 Bg6 6. h4 h6 7. Nf3 Nf6 8. h5
Bh7 9. Bd3 Bxd3 10. Qxd3 e6 11. Bf4 Qa5+ 12. Bd2 Qd5 13. c4 Qd8 14. O-O-O Be7
15. Ne4 Nbd7 16. Kb1 O-O 17. Nxf6+ Nxf6 18. Ne5 c5 19. dxc5 Bxc5 20. Qe2 Qd4
21. f3 Qf2 22. Qxf2 Bxf2 23. g4 Bd4 24. Bf4 Rfd8 25. Rd2 Bxe5 26. Rxd8+ Rxd8
27. Bxe5 Rd3 28. Rf1 Nh7 29. Kc2 Rd7 30. Rd1 Rxd1 31. Kxd1 f6 32. Bd4 a6 33. b4
e5 34. Bc5 Kf7 35. a4 Ke6 36. Ke2 f5 37. b5 Nf6 38. gxf5+ Kxf5 39. Bf8 Nxh5 40.
Ke3 Kf6 41. a5 Nf4 42. Ke4 Ne6 43. Bd6 Ng5+ 44. Ke3 Nf7 45. Bb4 Ke6 46. c5 Kd7
47. c6+ bxc6 48. bxa6 Kc7 49. Ke4 g6 50. f4 exf4 51. Kxf4 Kb8 52. Bc5 Ka8 53.
Bb6 h5 54. Bg1 g5+ 55. Kf5 h4 56. Bc5 h3 57. Bg1 c5 58. Kg4 h2 59. Bxh2 c4 60.
Bg1 Ne5+ 61. Kf5 Nf3 62. Be3 c3 63. Kg4 Nd2 64. Kxg5 Nc4 65. Bc1 Ka7 66. Kf4
Kxa6 67. Ke4 Kxa5 68. Kd3 Kb4 69. Kc2 Na5 70. Bd2 cxd2 1/2-1/2

[Event "2.BLS 1617 SC Heusenstamm - SC Deizisau"]
[Site "?"]
[Date "2017.01.15"]
[Round "4.3"]
[White "Krasenkow, Michal"]
[Black "Zuyev, Igor"]
[Result "1-0"]
[WhiteElo "2629"]
[BlackElo "2430"]
[PlyCount "35"]
[EventDate "2017.??.??"]

1. Nf3 c5 2. c4 g6 3. d4 cxd4 4. Nxd4 Nc6 5. e4 Nf6 6. Nc3 d6 7. Be2 Nxd4 8.
Qxd4 Bg7 9. b3 Nh5 10. Qd3 Qa5 11. Bd2 Nf4 12. Qf3 Nxe2 13. Nxe2 Qc5 14. Bc3
O-O 15. O-O e5 16. Rad1 f5 17. Rd5 Qa3 18. Ra5 1-0

[Event "2.BLS 1617 SC Heusenstamm - SC Deizisau"]
[Site "?"]
[Date "2017.01.15"]
[Round "4.4"]
[White "Weichhold, Pawel"]
[Black "Dautov, Rustem"]
[Result "1-0"]
[WhiteElo "2423"]
[BlackElo "2603"]
[PlyCount "81"]
[EventDate "2017.??.??"]

1. e4 c6 2. Nc3 d5 3. Nf3 Bg4 4. h3 Bxf3 5. Qxf3 e6 6. d4 dxe4 7. Qxe4 Nf6 8.
Qh4 Nbd7 9. Bd3 Nd5 10. Qxd8+ Rxd8 11. Nxd5 cxd5 12. O-O Bd6 13. a4 Rc8 14. a5
a6 15. Bd2 O-O 16. c3 Nb8 17. b4 Nc6 18. Rfb1 Na7 19. b5 Nxb5 20. Bxb5 axb5 21.
Rxb5 Rb8 22. Rab1 Ra8 23. c4 dxc4 24. Rxb7 Rfc8 25. Bc3 h6 26. Kf1 Bc7 27. R1b5
Bd8 28. Ke2 Kf8 29. d5 exd5 30. Rxd5 Rc6 31. Kd1 Bf6 32. Kc2 Re6 33. Bxf6 Rxf6
34. f3 g6 35. Kc3 Rfa6 36. Rbb5 Re6 37. Re5 Rxe5 38. Rxe5 Rb8 39. Kxc4 Rb2 40.
a6 Ra2 41. Kb5 1-0

[Event "2.BLS 1617 SC Heusenstamm - SC Deizisau"]
[Site "?"]
[Date "2017.01.15"]
[Round "4.5"]
[White "Kozul, Zdenko"]
[Black "Barski, Radoslaw"]
[Result "1-0"]
[WhiteElo "2616"]
[BlackElo "2425"]
[PlyCount "65"]
[EventDate "2017.??.??"]

1. d4 Nf6 2. Nf3 e6 3. c4 b6 4. Nc3 Bb4 5. Bg5 Bb7 6. Nd2 h6 7. Bh4 Nc6 8. e3
Bxc3 9. bxc3 Qe7 10. Bd3 g5 11. Bg3 d6 12. h4 O-O-O 13. e4 Nd7 14. Qe2 Rdf8 15.
O-O-O f5 16. exf5 exf5 17. hxg5 hxg5 18. f4 g4 19. Rxh8 Rxh8 20. Re1 Qf7 21. d5
Nd8 22. Qe7 Nc5 23. Bc2 Qxe7 24. Rxe7 Rh5 25. Rg7 c6 26. Rg5 Rh1+ 27. Kb2 cxd5
28. Bxf5+ Kc7 29. Rg7+ Kc6 30. cxd5+ Kxd5 31. Bxg4 Ba6 32. Re7 Nd3+ 33. Ka3 1-0

[Event "2.BLS 1617 SC Heusenstamm - SC Deizisau"]
[Site "?"]
[Date "2017.01.15"]
[Round "4.6"]
[White "Solonar, Stefan"]
[Black "Graf, Alexander"]
[Result "0-1"]
[WhiteElo "2325"]
[BlackElo "2581"]
[PlyCount "90"]
[EventDate "2017.??.??"]

1. c4 e5 2. Nc3 Nf6 3. Nf3 Nc6 4. g3 g6 5. d4 exd4 6. Nxd4 Bg7 7. Bg2 O-O 8.
O-O Re8 9. e3 a6 10. b3 Nxd4 11. exd4 d6 12. Bb2 c6 13. d5 c5 14. Qd2 b5 15.
Rfe1 bxc4 16. Rxe8+ Nxe8 17. bxc4 Rb8 18. Re1 Bd7 19. Ba1 Bd4 20. Ne4 Bxa1 21.
Rxa1 Bf5 22. Re1 Rb4 23. Qe3 Nf6 24. Nxf6+ Qxf6 25. Qh6 Rb1 26. Rxb1 Bxb1 27.
Qc1 Bxa2 28. Bf1 Qf3 29. Qe1 Bb3 30. Qe7 Bc2 31. Qxd6 Be4 32. Qb8+ Kg7 33. Qe5+
Kg8 34. Qb8+ Kg7 35. Qe5+ Kh6 36. Qf4+ Qxf4 37. gxf4 a5 38. Be2 a4 39. Bd1 a3
40. Bb3 Kh5 41. d6 Bc6 42. f3 g5 43. fxg5 Kxg5 44. Kf2 f5 45. Ke3 f4+ 0-1

[Event "2.BLS 1617 SC Heusenstamm - SC Deizisau"]
[Site "?"]
[Date "2017.01.15"]
[Round "4.7"]
[White "Zilka, Stepan"]
[Black "Klundt, Klaus"]
[Result "1-0"]
[WhiteElo "2532"]
[BlackElo "2302"]
[PlyCount "85"]
[EventDate "2017.??.??"]

1. e4 c5 2. Nf3 e6 3. d4 cxd4 4. Nxd4 Nc6 5. Nc3 Qc7 6. Be3 a6 7. Qd2 Nf6 8.
O-O-O Bb4 9. f3 b5 10. g4 O-O 11. g5 Nh5 12. Kb1 Bb7 13. a3 Be7 14. Nxc6 Bxc6
15. Ne2 d5 16. Ng3 g6 17. Nxh5 gxh5 18. Bd3 Qb7 19. Bd4 dxe4 20. fxe4 Rad8 21.
Qe3 b4 22. axb4 Qxb4 23. Bc3 Qc5 24. Qxc5 Bxc5 25. Bxa6 Bxe4 26. Rhe1 Bf3 27.
Be2 Bxe2 28. Rxd8 Rxd8 29. Rxe2 Be7 30. Bf6 Kf8 31. Kc1 h6 32. Bxe7+ Kxe7 33.
gxh6 f5 34. b4 Kf6 35. Rd2 Rb8 36. h7 f4 37. Rd7 e5 38. b5 Ke6 39. Rg7 Rh8 40.
b6 Kf6 41. Rc7 e4 42. b7 f3 43. Kd2 1-0

[Event "2.BLS 1617 SC Heusenstamm - SC Deizisau"]
[Site "?"]
[Date "2017.01.15"]
[Round "4.8"]
[White "Voropaev, Gleb"]
[Black "Schlosser, Philipp"]
[Result "1/2-1/2"]
[WhiteElo "2280"]
[BlackElo "2520"]
[PlyCount "42"]
[EventDate "2017.??.??"]

1. e4 c5 2. Nf3 e6 3. c3 d5 4. e5 Nc6 5. d4 Bd7 6. Be2 Nge7 7. Na3 cxd4 8. cxd4
Nf5 9. Nc2 Nb4 10. Nxb4 Bxb4+ 11. Bd2 Be7 12. O-O Qb6 13. Bc3 Bb5 14. g4 Nh6
15. h3 Rc8 16. Rc1 O-O 17. Qd2 Bxe2 18. Qxe2 Rc6 19. Qd2 Rfc8 20. Ba5 Qb5 21.
Rxc6 Qxc6 1/2-1/2

[Event "2.BLS 1617 SC Deizisau - SC Eppingen"]
[Site "?"]
[Date "2017.02.05"]
[Round "5.2"]
[White "Gupta, Abhijeet"]
[Black "Noe, Christopher"]
[Result "1-0"]
[WhiteElo "2645"]
[BlackElo "2434"]
[PlyCount "53"]
[EventDate "2017.??.??"]

1. d4 d6 2. e4 Nf6 3. f3 g6 4. c4 Bg7 5. Nc3 O-O 6. Nge2 c5 7. d5 e6 8. Ng3
exd5 9. cxd5 h5 10. Bg5 Qb6 11. Qd2 Nh7 12. Bh4 f6 13. Nge2 f5 14. O-O-O Nd7
15. exf5 Rxf5 16. Ng3 Rf7 17. Nge4 Ne5 18. Nb5 Rd7 19. f4 Ng4 20. h3 Nh6 21. g4
a6 22. Nbc3 hxg4 23. hxg4 Nxg4 24. Bh3 Rf7 25. Rdg1 Ngf6 26. Nxf6+ Nxf6 27. Be6
1-0

[Event "2.BLS 1617 SC Deizisau - SC Eppingen"]
[Site "?"]
[Date "2017.02.05"]
[Round "5.3"]
[White "Yankelevich, Lev"]
[Black "Krasenkow, Michal"]
[Result "0-1"]
[WhiteElo "2412"]
[BlackElo "2629"]
[PlyCount "78"]
[EventDate "2017.??.??"]

1. d4 d6 2. e4 Nf6 3. Nc3 c6 4. Nf3 Bg4 5. h3 Bxf3 6. Qxf3 e6 7. d5 cxd5 8.
exd5 e5 9. g4 Be7 10. g5 Nfd7 11. h4 Na6 12. Bd2 Rc8 13. Bh3 Rc5 14. h5 Rf8 15.
Be3 Rc4 16. Bf1 Rc8 17. Bb5 Nc7 18. Ba4 b5 19. Bxb5 Nxb5 20. Nxb5 Qa5+ 21. Nc3
Rxc3 22. bxc3 Qxc3+ 23. Ke2 Qc4+ 24. Kd2 e4 25. Qf5 Ne5 26. Kc1 g6 27. Qh3 Nd3+
28. Kd2 Bd8 29. Qf1 Ba5+ 30. Kd1 Ke7 31. Rb1 Rc8 32. Qe2 Qxa2 33. Rb7+ Kf8 34.
Bd4 Qxd5 35. cxd3 Qxb7 36. Qxe4 Qb1+ 37. Ke2 Rc2+ 38. Ke3 Bd2+ 39. Ke2 Bxg5+
0-1

[Event "2.BLS 1617 SC Deizisau - SC Eppingen"]
[Site "?"]
[Date "2017.02.05"]
[Round "5.4"]
[White "Dautov, Rustem"]
[Black "Mesaros, Florian"]
[Result "1/2-1/2"]
[WhiteElo "2603"]
[BlackElo "2372"]
[PlyCount "42"]
[EventDate "2017.??.??"]

1. d4 d5 2. Nf3 Nf6 3. c4 e6 4. Nc3 Bb4 5. cxd5 exd5 6. Bg5 h6 7. Bxf6 Qxf6 8.
Qa4+ Nc6 9. e3 O-O 10. Be2 Be6 11. a3 Be7 12. O-O a6 13. b4 Bd6 14. Qc2 Ne7 15.
b5 a5 16. Na4 b6 17. Nc3 Bf5 18. Bd3 Bg4 19. Be2 Bf5 20. Bd3 Bg4 21. Be2 Bf5
1/2-1/2

[Event "2.BLS 1617 SC Deizisau - SC Eppingen"]
[Site "?"]
[Date "2017.02.05"]
[Round "5.5"]
[White "Hacker, Jonas"]
[Black "Kozul, Zdenko"]
[Result "0-1"]
[WhiteElo "2382"]
[BlackElo "2616"]
[PlyCount "103"]
[EventDate "2017.??.??"]

1. e4 c5 2. Nf3 d6 3. d4 cxd4 4. Nxd4 Nf6 5. Nc3 Nc6 6. Bg5 e6 7. Qd2 a6 8.
O-O-O Bd7 9. f4 b5 10. Bxf6 gxf6 11. Kb1 Rc8 12. f5 Ne5 13. Qf4 h5 14. Qh4 Bh6
15. fxe6 fxe6 16. Be2 Bg5 17. Bxh5+ Ke7 18. Qh3 Rxc3 19. bxc3 Qa5 20. g4 Nc4
21. Ka1 e5 22. Nf5+ Bxf5 23. exf5 Be3 24. Rd3 Bd2 25. Rd1 Qa3 26. Rb1 Kd7 27.
Rxd2 Nxd2 28. Qe3 Nxb1 29. Qa7+ Kc6 30. Kxb1 Qa5 31. Qg7 Qd8 32. Qa7 e4 33. Qd4
Qe7 34. Kc1 Rh7 35. Kd2 Qe5 36. Qxe5 dxe5 37. Ke3 Kd5 38. h4 a5 39. c4+ bxc4
40. c3 a4 41. a3 Kd6 42. Kxe4 Rh8 43. Ke3 Ke7 44. Ke4 Rb8 45. Kd5 Rb3 46. Kxc4
Rxa3 47. g5 Ra1 48. g6 Kf8 49. Kb4 e4 50. c4 e3 51. c5 Rc1 52. Bf3 0-1

[Event "2.BLS 1617 SC Deizisau - SC Eppingen"]
[Site "?"]
[Date "2017.02.05"]
[Round "5.6"]
[White "Graf, Alexander"]
[Black "Mann, Christian"]
[Result "1-0"]
[WhiteElo "2581"]
[BlackElo "2416"]
[PlyCount "101"]
[EventDate "2017.??.??"]

1. d4 d5 2. c4 Nc6 3. Nc3 dxc4 4. e3 e5 5. Bxc4 exd4 6. exd4 Qxd4 7. Qe2+ Qe5
8. Be3 Bb4 9. Nf3 Qe7 10. O-O Nf6 11. Rfe1 O-O 12. Qc2 Bg4 13. Ng5 Qd7 14. Red1
Bd6 15. Nd5 Bf5 16. Qa4 Ne5 17. Bb5 c6 18. Nxf6+ gxf6 19. Ne4 Bxe4 20. Qxe4
cxb5 21. Bc5 Qc6 22. Qxc6 Nxc6 23. Rxd6 Rfd8 24. Rxf6 Rd2 25. b3 Rad8 26. g3
R8d5 27. Be3 Rd1+ 28. Rxd1 Rxd1+ 29. Kg2 b4 30. Bh6 Rd5 31. Rf4 Rd6 32. Rg4+
Rg6 33. Rxg6+ hxg6 34. Kf3 f5 35. Ke3 Kf7 36. f3 b5 37. h4 a5 38. Bf4 a4 39. g4
fxg4 40. fxg4 axb3 41. axb3 Na5 42. Bd6 Nxb3 43. Bxb4 Ke6 44. Ke4 Nc1 45. Bc3
Nb3 46. Kf4 Nc5 47. Bd4 Kd5 48. Bxc5 Kxc5 49. h5 gxh5 50. gxh5 b4 51. Ke3 1-0

[Event "2.BLS 1617 SC Deizisau - SC Eppingen"]
[Site "?"]
[Date "2017.02.05"]
[Round "5.7"]
[White "Gibicar, Danijel"]
[Black "Zilka, Stepan"]
[Result "0-1"]
[WhiteElo "2273"]
[BlackElo "2532"]
[PlyCount "72"]
[EventDate "2017.??.??"]

1. e4 e5 2. Nf3 Nc6 3. Bb5 Nf6 4. d3 Bc5 5. c3 d6 6. O-O O-O 7. Nbd2 a6 8. Ba4
b5 9. Bb3 Bb6 10. h3 h6 11. Re1 Re8 12. a4 Rb8 13. axb5 axb5 14. Nf1 b4 15. Ne3
bxc3 16. bxc3 Na5 17. Ba4 c6 18. Ba3 Bc5 19. Bxc5 dxc5 20. d4 Nxe4 21. Nxe5
Nxc3 22. Qf3 Qc7 23. Bxc6 Rxe5 24. dxe5 Nxc6 25. Nc4 Nb5 26. Nd6 Nxe5 27. Rxe5
Nxd6 28. Qe3 c4 29. Ra7 Qb6 30. Qxb6 Rxb6 31. Rc7 Bf5 32. g4 Bd3 33. Ree7 g5
34. Red7 Nb5 35. Rc5 Nc3 36. Rd8+ Kg7 0-1

[Event "2.BLS 1617 SC Deizisau - SC Eppingen"]
[Site "?"]
[Date "2017.02.05"]
[Round "5.8"]
[White "Schlosser, Philipp"]
[Black "Reimold, Jonas"]
[Result "1-0"]
[WhiteElo "2520"]
[BlackElo "2025"]
[PlyCount "65"]
[EventDate "2017.??.??"]

1. c4 f5 2. Nc3 Nf6 3. d4 g6 4. f3 Bg7 5. e4 d6 6. e5 dxe5 7. dxe5 Qxd1+ 8.
Kxd1 Nfd7 9. f4 Nc5 10. Be3 Ne6 11. Nf3 Na6 12. g3 b6 13. Bg2 Bb7 14. Ke2 O-O-O
15. Rhd1 Nb4 16. Rxd8+ Rxd8 17. Rd1 Rxd1 18. Kxd1 c5 19. Kd2 Kd7 20. a3 Nc6 21.
Nd5 Na5 22. Kc3 Bc6 23. Ne1 Bb7 24. b4 cxb4+ 25. axb4 Nc6 26. Nd3 Nc7 27. Nxc7
Kxc7 28. Bd5 h6 29. Bf7 g5 30. fxg5 hxg5 31. Bxg5 Nxe5 32. Bf4 Kd6 33. c5+ 1-0

[Event "2.BLS 1617 TSV Schönaich - SC Heusenst"]
[Site "?"]
[Date "2017.02.05"]
[Round "5.1"]
[White "Sadzikowski, Daniel"]
[Black "Ivanisevic, Ivan"]
[Result "1/2-1/2"]
[WhiteElo "2537"]
[BlackElo "2641"]
[PlyCount "83"]
[EventDate "2017.??.??"]

1. e4 c5 2. Nf3 e6 3. d4 cxd4 4. Nxd4 Nf6 5. Nc3 d6 6. g4 h6 7. h3 Nc6 8. Be3
Be7 9. Bg2 Bd7 10. f4 d5 11. exd5 Nxd5 12. Nxd5 exd5 13. O-O O-O 14. c3 Bc5 15.
Qd2 Qb6 16. Rf2 Rfe8 17. Rd1 Re7 18. b4 Bxd4 19. Bxd4 Nxd4 20. Qxd4 Qxd4 21.
Rxd4 Rc8 22. Rd3 Bc6 23. Rfd2 b6 24. Kf2 Bb7 25. Bxd5 Bxd5 26. Rxd5 Rxc3 27.
Rd8+ Kh7 28. R8d7 Ree3 29. Rxf7 Rxh3 30. Ke2 Ra3 31. f5 Rhg3 32. Rdd7 Rxa2+ 33.
Kf1 Rxg4 34. f6 Rag2 35. Rxa7 Rg6 36. Rab7 R2g4 37. Rxb6 h5 38. Rxg7+ Rxg7 39.
fxg7 h4 40. Rb5 Kxg7 41. Rh5 Kg6 42. Rh8 1/2-1/2

[Event "2.BLS 1617 TSV Schönaich - SC Heusenst"]
[Site "?"]
[Date "2017.02.05"]
[Round "5.2"]
[White "Bosiocic, Marin"]
[Black "Wieczorek, Oskar"]
[Result "1/2-1/2"]
[WhiteElo "2595"]
[BlackElo "2465"]
[PlyCount "83"]
[EventDate "2017.??.??"]

1. c4 Nf6 2. Nc3 g6 3. e4 d6 4. g3 Bg7 5. Bg2 O-O 6. Nge2 c5 7. O-O Nc6 8. d3
Nd7 9. f4 Nd4 10. Nxd4 cxd4 11. Ne2 a5 12. b3 Nc5 13. f5 e5 14. g4 g5 15. Rb1
Bd7 16. a4 f6 17. h4 h6 18. Rf3 Rf7 19. Rh3 Bf8 20. Bd2 Be8 21. Nc1 Rh7 22. Rb2
b6 23. Bf3 Raa7 24. Be1 Rag7 25. Rbh2 Qd7 26. Ne2 Be7 27. Ng3 Bd8 28. Qc2 Qa7
29. Kf1 Qc7 30. Ke2 Qa7 31. Nf1 Qd7 32. Nd2 Qb7 33. Kf1 Qc7 34. Be2 Qb7 35. Nb1
Rc7 36. Na3 Rcg7 37. Bd1 Bc7 38. Nb5 Bb8 39. Qg2 Na6 40. b4 axb4 41. Qh1 Kh8
42. Bd2 1/2-1/2

[Event "2.BLS 1617 TSV Schönaich - SC Heusenst"]
[Site "?"]
[Date "2017.02.05"]
[Round "5.3"]
[White "Zuyev, Igor"]
[Black "Saric, Ante"]
[Result "0-1"]
[WhiteElo "2430"]
[BlackElo "2542"]
[PlyCount "74"]
[EventDate "2017.??.??"]

1. e4 c5 2. Nc3 d6 3. f4 g6 4. Nf3 Bg7 5. Bb5+ Bd7 6. Bc4 Nc6 7. O-O Na5 8. Be2
Nf6 9. e5 dxe5 10. Nxe5 Nc6 11. Bf3 Rc8 12. d3 O-O 13. Be3 b6 14. Rc1 e6 15.
Qe1 Be8 16. Qe2 Nd4 17. Bxd4 Qxd4+ 18. Rf2 b5 19. a3 Qd6 20. Re1 Qb6 21. Qe3
Nd7 22. Ne2 f5 23. c3 Nxe5 24. fxe5 Bf7 25. Rff1 Rfd8 26. Rc1 a5 27. b4 Qa7 28.
Rfd1 Bf8 29. c4 axb4 30. axb4 bxc4 31. Rxc4 Qa6 32. b5 Qxb5 33. Rdc1 Qd7 34. d4
cxd4 35. Nxd4 Rxc4 36. Rxc4 Qa7 37. Qc3 Rxd4 0-1